000 00786nam a2200205Ii 4500
003 JO-AjNU
008 230605s9999||||xx |||||||||||||| ||und||
040 _aJO-AjNU
_bara
_erda
_cJO-AjNU
041 _aara
050 1 4 _aDT197.R37222 2004
100 3 _aراشد، أحمد إسماعيل,
_eauthor
_913665
245 0 0 _aتاريخ أقطار المغرب العربي السياسي الحديث والمعاصر (ليبيا، تونس، الجزائر، المغرب، موريتانيا)
250 _aط1
264 3 1 _aبيروت: دار النهضة العربية، 2004
300 _a260ص
336 _atext
_btxt
_2rdacontent
337 _aunmediated
_bn
_2rdamedia
338 _avolume
_bnc
_2rdacarrier
650 4 _a المغرب العربي الحديث-تاريخ
_913666
999 _aA3461
_c7029
_d7029